000 00293nam a22001337a 4500
008 180924b xxu||||| |||| 00| 0 eng d
020 _a9780131725638
041 _aeng
080 _24th
_a159.9
100 _a48
101 _aPSI
245 _aFamily therapy
_cGladding,S.T
942 _2udc
_cBK
999 _c48309
_d48309